Sports Quiz

Random Sports or Football Quiz

10,000 Yard QB per Draft Quiz Stats

 Plays Quiz Updated Jan 1, 2019

Score 0/48 Timer 10:00
0 Plays Today
Year Quarterback % Correct
2007none
100%
2017none
99.9%
2013none
99.8%
2004Eli Manning, Ben Roethlisberger, Philip Rivers, Matt Schaub
95.8%
2016Dak Prescott, Carson Wentz
95.7%
1998Peyton Manning, Matt Hasselbeck, Brian Griese, Charlie Batch
94.9%
1971Ken Anderson, Jim Plunkett, Joe Theismann, Archie Manning, Lynn Dickey, Dan Pastorini
93.8%
2000Tom Brady, Marc Bulger, Chad Pennington
89.3%
2015Jameis Winston, Marcus Mariota
88.5%
2005Aaron Rodgers, Alex Smith, Ryan Fitzpatrick, Kyle Orton, Matt Cassel, Jason Campbell, Derek Anderson
87.1%
1983Dan Marino, John Elway, Jim Kelly, Ken O'Brien, Tony Eason
85.5%
2012Andrew Luck, Ryan Tannehill, Russell Wilson, Kirk Cousins, Nick Foles
83.7%
2001Drew Brees, Michael Vick
81.6%
2011Andy Dalton, Cam Newton, Colin Kaepernick
77.9%
1979Joe Montana, Phil Simms
77.8%
2008Matt Ryan, Joe Flacco, Chad Henne
75%
1999Donovan McNabb, Daunte Culpepper, Aaron Brooks, Tim Couch
69.6%
2009Matt Stafford, Mark Sanchez, Josh Freeman
69.5%
1991Brett Favre
68%
2014Blake Bortles, Derek Carr
66.9%
2002David Garrard, Joey Harrington, David Carr, Josh McCown
63.3%
1993Drew Bledsoe, Mark Brunell, Trent Green, Elvis Grbac, Rick Mirer
63.2%
1989Troy Aikman, Rodney Peete, Billy Joe Tolliver
61.4%
2003Carson Palmer, Byron Leftwich, Rex Grossman
60.8%
Year Quarterback % Correct
1987Vinny Testaverde, Rich Gannon, Jim Harbaugh, Steve Beuerlein, Chris Miller, Don Majkowski
60.2%
1970Terry Bradshaw, Mike Phipps
56.3%
1973Dan Fouts, Joe Ferguson, Ron Jaworski, Bert Jones
55.1%
1995Kerry Collins, Steve McNair, Kordell Stewart
53.9%
1981Neil Lomax, Wade Wilson
50.6%
1992Brad Johnson, Jeff Blake
49.2%
1980Marc Wilson, Eric Hipple, Mark Malone
48.7%
1985Randall Cunningham, Doug Flutie, Steve Bono
48.2%
2006Jay Cutler
46.3%
1984Boomer Esiason, Jay Schroeder, Jeff Hostetler
44.2%
2010Sam Bradford
43.6%
1990Jeff George, Neil O'Donnell, Scott Mitchell
37.4%
1978Bill Kenney, Doug Williams
36.3%
1986Jim Everett, Mark Rypien, Bubby Brister, Jack Trudeau
32.1%
1982Jim McMahon
29.7%
1994Gus Frerotte, Trent Dilfer
28.7%
1974Danny White
26.5%
1997Jake Plummer
26.4%
1977Steve DeBerg, Tommy Kramer, Vince Ferragamo
21.7%
1988Chris Chandler, Stan Humphries
21.6%
1975Steve Grogan, Steve Bartkowski
19.8%
1972Brian Sipe
14.5%
1996Tony Banks
9%
1976Richard Todd
7.6%

You're not logged in!

Compare scores with friends on all Sporcle quizzes.
OR
Log In

Show Comments

Extras

Top Quizzes Today


Score Distribution

Your Account Isn't Verified!

In order to create a playlist on Sporcle, you need to verify the email address you used during registration. Go to your Sporcle Settings to finish the process.

Report this User

Report this user for behavior that violates our Community Guidelines.

Details: